000 00205 a2200097 4500
001 18140
100 _aWankel, F
245 _aRotary piston machines
260 _a
_bIliffe Books
_c
090 _c13434
_d13434
942 _aNUST-CAE
_cM
_c3819
999 _c253213
_d253213